00765nam a2200253Ia 450000500170000000800460001702000180006303700100008104000080009104000080009904000080010704100080011504100080012308400080013110000840013924500450022326000300026826000090029865000330030785600490034094200100038999900210039995200910042020260306164508.0008 260114s9999 xx 000 0 eng d a9780191898181 aEBOOK aCRL beng cCRL 2eng aeng qCRL aArkebe Oqubay, Christopher Cramer, Ha-joon Chang, Richard Kozul-wright91130886 4aThe Oxford Handbook Of Industrial Policy bOxford University Press c2020 aBusiness Economics & Finance uhttps://academic.oup.com/edited-volume/34292 cEBOOK c1714282d1714282 00104070aCRLbCRLd2026-03-06l0pCL2006803r2026-03-06 16:45:08w2026-03-06yEBOOK